[Event "27th Czech Open A 2016"]
[Site "Pardubice CZE"]
[Date "2016.07.25"]
[Round "4.40"]
[White "Lugovskoy, Maxim"]
[Black "Bebel, Arkadiusz"]
[Result "0-1"]
[WhiteTitle "IM"]
[BlackTitle "FM"]
[WhiteElo "2458"]
[BlackElo "2298"]
[WhiteFideId "24126454"]
[BlackFideId "1132679"]
[EventDate "2016.07.22"]

1. e4 d6 2. d4 Nf6 3. Nc3 e5 4. Nf3 Nbd7 5. Bc4 Be7 6. O-O c6 7. a4 Qc7 8. Re1
h6 9. b3 Nf8 10. Bb2 Ng6 11. Bd3 Bg4 12. Ne2 Bxf3 13. gxf3 Nh5 14. Ng3 Nhf4 15.
Bf1 Nh4 16. Kh1 Bf6 17. Ne2 Nhg6 18. Nxf4 Nxf4 19. c3 h5 20. b4 a5 21. bxa5 Rxa5
22. Qb3 O-O 23. Bc4 Qd7 24. Bf1 Rfa8 25. Reb1 Nh3 26. d5 Nxf2+ 27. Kg2 Bh4 28.
Kg1 cxd5 29. exd5 Qf5 30. c4 Rxa4 31. Rxa4 Qg6+ 32. Bg2 Qxb1+ 33. Bf1 Rxa4 34.
Qxa4 Qg6+ 35. Bg2 Nh3+ 0-1

[Event "27th Czech Open A 2016"]
[Site "Pardubice CZE"]
[Date "2016.07.25"]
[Round "4.41"]
[White "Tate, Alan"]
[Black "Abergel, Thal"]
[Result "1-0"]
[WhiteTitle "FM"]
[BlackTitle "GM"]
[WhiteElo "2331"]
[BlackElo "2457"]
[WhiteFideId "2401878"]
[BlackFideId "614890"]
[EventDate "2016.07.22"]

1. e4 c5 2. Nf3 d6 3. Bb5+ Nc6 4. O-O Bd7 5. Re1 Nf6 6. c3 a6 7. Bf1 Bg4 8. d4
cxd4 9. cxd4 Bxf3 10. gxf3 d5 11. Nc3 e6 12. Be3 Be7 13. Qd3 O-O 14. Kh1 Re8 15.
Rad1 g6 16. Bh3 Bf8 17. Rg1 Bg7 18. Bg5 Qb6 19. e5 Nd7 20. Nxd5 Qxb2 21. Nc7
Qxa2 22. f4 Nb4 23. Qg3 Nf8 24. Bg2 Nd5 25. Bxd5 exd5 26. f5 gxf5 27. Bf6 Ng6
28. Bxg7 Kxg7 29. Qf3 Qc2 30. Nxa8 Rxa8 31. Qxd5 Qxf2 32. e6 Rc8 33. Rdf1 Qh4
34. Qxf5 fxe6 35. Qxe6 Rd8 36. Rf7+ Kh8 37. Rxg6 1-0

[Event "27th Czech Open A 2016"]
[Site "Pardubice CZE"]
[Date "2016.07.25"]
[Round "4.42"]
[White "Sundararajan, Kidambi"]
[Black "Swicarz, Maciej"]
[Result "0-1"]
[WhiteTitle "GM"]
[WhiteElo "2456"]
[BlackElo "2292"]
[WhiteFideId "5005370"]
[BlackFideId "1113585"]
[EventDate "2016.07.22"]

1. d4 f5 2. g3 Nf6 3. Bg2 g6 4. Nf3 Bg7 5. O-O O-O 6. c4 d6 7. Nc3 Qe8 8. d5 a5
9. Be3 Na6 10. Qc1 Ng4 11. Bf4 e5 12. dxe6 Bxe6 13. h3 Ne5 14. b3 Rb8 15. Bh6
Nxf3+ 16. Bxf3 f4 17. Bxg7 Kxg7 18. gxf4 Bxh3 19. Ne4 Bxf1 20. Qc3+ Kh6 21. Nf6
Rxf6 22. Qxf6 Bxe2 23. Kg2 Bxf3+ 24. Kxf3 Qc6+ 25. Kg3 Nc5 26. f3 Ne4+ 27. fxe4
Qxe4 28. Rf1 Re8 29. Qa1 Qe3+ 30. Rf3 Qe1+ 31. Qxe1 Rxe1 32. f5 Kg7 33. fxg6
hxg6 34. Rd3 Re2 35. c5 dxc5 36. Rd7+ Kh6 37. Rxc7 Rxa2 38. Rxb7 Ra3 39. Kf4 a4
40. bxa4 Rxa4+ 41. Ke5 Rc4 42. Kd5 Rc3 43. Ke4 g5 44. Kf5 Rc4 45. Rb8 Rf4+ 46.
Ke5 c4 47. Rb1 c3 0-1

[Event "27th Czech Open A 2016"]
[Site "Pardubice CZE"]
[Date "2016.07.25"]
[Round "4.43"]
[White "Solozhenkin, Evgeniy"]
[Black "Hacker, Jonas"]
[Result "1-0"]
[WhiteTitle "GM"]
[BlackTitle "FM"]
[WhiteElo "2454"]
[BlackElo "2275"]
[WhiteFideId "4102266"]
[BlackFideId "1270968"]
[EventDate "2016.07.22"]

1. e4 c5 2. Nf3 d6 3. d4 cxd4 4. Nxd4 Nf6 5. f3 e5 6. Nb3 Nc6 7. c4 Be7 8. Be3
O-O 9. Be2 Nh5 10. Qd2 Nf4 11. O-O a5 12. a4 Ne6 13. Rd1 Bg5 14. Bxg5 Nxg5 15.
Ra3 Qb6+ 16. Kh1 Ne6 17. Nc3 Ncd4 18. Nxd4 Qxd4 19. Qe1 Qc5 20. Rd5 Qc6 21. Nb5
Rd8 22. Qd1 Nf4 23. Rd2 Be6 24. Bf1 Ra6 25. g3 Ng6 26. Rad3 Qxc4 27. Nxd6 Qb4
28. Nxb7 Rxd3 29. Bxd3 Rb6 30. Nd8 Rd6 31. Nxe6 fxe6 32. Qc2 h6 33. Rd1 Ne7 34.
Bb5 Kh7 35. Rxd6 Qxd6 36. Qc3 Qd1+ 37. Kg2 Ng6 38. b3 h5 39. h4 Kh6 40. Qe3+ Kh7
41. Qg5 Nf8 42. Qxh5+ 1-0

[Event "27th Czech Open A 2016"]
[Site "Pardubice CZE"]
[Date "2016.07.25"]
[Round "4.44"]
[White "Machan, Jan"]
[Black "Smith, Bryan G"]
[Result "0-1"]
[WhiteTitle "FM"]
[BlackTitle "GM"]
[WhiteElo "2322"]
[BlackElo "2453"]
[WhiteFideId "334774"]
[BlackFideId "2017083"]
[EventDate "2016.07.22"]

1. d4 Nf6 2. c4 e6 3. Nc3 Bb4 4. Qc2 d5 5. a3 Bxc3+ 6. Qxc3 c5 7. dxc5 d4 8. Qg3
Nc6 9. Nf3 e5 10. Nxe5 Qa5+ 11. Kd1 Ne4 12. Qf4 Nxf2+ 13. Kc2 Nxe5 14. Qxe5+ Be6
15. Rg1 O-O 16. g4 Bxc4 17. Rg3 Qa4+ 18. Kb1 Qd1 19. Bg2 Rae8 20. Qf5 Rxe2 0-1

[Event "27th Czech Open A 2016"]
[Site "Pardubice CZE"]
[Date "2016.07.25"]
[Round "4.45"]
[White "Malakhov, Igor"]
[Black "Holtman, Teodor"]
[Result "1-0"]
[WhiteTitle "IM"]
[WhiteElo "2451"]
[BlackElo "2238"]
[WhiteFideId "4183088"]
[BlackFideId "14933721"]
[EventDate "2016.07.22"]

1. e4 d5 2. exd5 Nf6 3. c4 e6 4. d4 exd5 5. Nc3 Bb4 6. Bd3 O-O 7. Ne2 Bg4 8. O-O
Nc6 9. Bg5 Bxc3 10. bxc3 dxc4 11. Bxc4 Qd6 12. Qc2 Bxe2 13. Bxe2 Ne7 14. Bf3
Rab8 15. a4 Ng6 16. g3 h6 17. Bd2 c5 18. dxc5 Qxc5 19. Be3 Qa5 20. Rfb1 Ne5 21.
Bg2 Qa6 22. Rb5 Nfd7 23. Rd1 b6 24. Bd4 f6 25. Bd5+ Kh8 26. f4 Rbe8 27. fxe5
fxe5 28. Be3 Qc8 29. Bg2 e4 30. Bh3 Re7 31. Rbd5 Qc4 32. Bxd7 Rxd7 33. Rxd7 1-0

[Event "27th Czech Open A 2016"]
[Site "Pardubice CZE"]
[Date "2016.07.25"]
[Round "4.46"]
[White "Dhanush, Bharadwaj"]
[Black "Vykouk, Jan"]
[Result "0-1"]
[BlackTitle "FM"]
[WhiteElo "2296"]
[BlackElo "2450"]
[WhiteFideId "25058746"]
[BlackFideId "349658"]
[EventDate "2016.07.22"]

1. Nf3 c5 2. c4 b6 3. g3 Bb7 4. Bg2 Nf6 5. O-O g6 6. Nc3 Bg7 7. d4 cxd4 8. Qxd4
O-O 9. Qd3 Na6 10. Bf4 d6 11. Qd2 Rc8 12. b3 d5 13. Rad1 dxc4 14. Qxd8 Rfxd8 15.
Rxd8+ Rxd8 16. bxc4 Nh5 17. Nb5 Nxf4 18. gxf4 Nc5 19. e3 Bxf3 20. Bxf3 a6 21.
Nc7 Rd2 22. a3 Bb2 23. Nd5 e6 24. Nxb6 Bxa3 25. Rd1 Rc2 26. Kf1 a5 27. Bc6 Bb4
28. Kg2 Kg7 29. Rd8 Be1 30. Ra8 Bxf2 31. Kf3 Be1 32. e4 Rf2+ 33. Ke3 Rxh2 34.
Nc8 Bd2+ 35. Kf3 Nd3 36. Nd6 Rf2+ 37. Kg4 h5+ 38. Kh3 Bxf4 0-1

[Event "27th Czech Open A 2016"]
[Site "Pardubice CZE"]
[Date "2016.07.25"]
[Round "4.47"]
[White "Antonio, Viani D'cunha"]
[Black "Neuman, Petr"]
[Result "1-0"]
[BlackTitle "GM"]
[WhiteElo "2305"]
[BlackElo "2446"]
[WhiteFideId "5027330"]
[BlackFideId "305243"]
[EventDate "2016.07.22"]

1. e4 c6 2. d4 d5 3. exd5 cxd5 4. c4 Nf6 5. Nc3 Nc6 6. Bg5 Ne4 7. Nxe4 dxe4 8.
d5 Ne5 9. Qd4 f6 10. Bf4 Bf5 11. Bxe5 fxe5 12. Qxe5 Qa5+ 13. Qc3 Qxc3+ 14. bxc3
e6 15. Ne2 Ba3 16. Rd1 O-O 17. Rg1 Bc5 18. Nd4 e5 19. Nb3 Ba3 20. g4 Bg6 21. h4
Bb2 22. Rg3 h6 23. h5 Bh7 24. Nc5 Ba3 25. Ne6 Rf6 26. c5 Kh8 27. Rb1 Bg8 28. c4
Bxe6 29. Rxa3 1-0

[Event "27th Czech Open A 2016"]
[Site "Pardubice CZE"]
[Date "2016.07.25"]
[Round "4.48"]
[White "Venkatesh, M.R."]
[Black "Mueer, Sebastian"]
[Result "1-0"]
[WhiteTitle "GM"]
[WhiteElo "2445"]
[BlackElo "2216"]
[WhiteFideId "5005779"]
[BlackFideId "24622001"]
[EventDate "2016.07.22"]

1. Nf3 Nf6 2. g3 b6 3. Bg2 Bb7 4. d3 c5 5. O-O e6 6. e4 d6 7. Nbd2 Be7 8. h3
Nbd7 9. Nh2 Qc7 10. f4 O-O-O 11. a4 Nb8 12. a5 b5 13. c4 b4 14. a6 Bc6 15. Nb3
d5 16. cxd5 exd5 17. e5 Nfd7 18. Na5 Nxa6 19. Be3 Nab8 20. Nxc6 Nxc6 21. Bxd5
Ndxe5 22. Be4 Nc4 23. Qg4+ 1-0

[Event "27th Czech Open A 2016"]
[Site "Pardubice CZE"]
[Date "2016.07.25"]
[Round "4.49"]
[White "Ragnarsson, Dagur"]
[Black "Nguyen, Thai Dai Van"]
[Result "0-1"]
[WhiteTitle "FM"]
[BlackTitle "FM"]
[WhiteElo "2274"]
[BlackElo "2445"]
[WhiteFideId "2304058"]
[BlackFideId "358878"]
[EventDate "2016.07.22"]

1. Nf3 Nf6 2. c4 c5 3. g3 d5 4. cxd5 Nxd5 5. Bg2 Nc6 6. O-O e5 7. Nc3 Be6 8. d3
Be7 9. Bd2 Nc7 10. Ne1 Qd7 11. f4 exf4 12. Bxf4 O-O 13. Be3 Nd5 14. Bf2 Rad8 15.
Nf3 b6 16. Qd2 h6 17. Rad1 f5 18. Qc1 Bf6 19. a3 Qf7 20. e3 Rfe8 21. Ne2 Ne5 22.
Nxe5 Bxe5 23. e4 fxe4 24. d4 Bf6 25. dxc5 Bg4 26. Qc2 Qh5 27. Rxd5 Qxd5 28. Nf4
Qc6 29. Re1 Bf5 30. b4 bxc5 31. Qc4+ Kh8 32. b5 Qc8 33. Qf7 Qd7 34. Qh5 e3 35.
Rxe3 Rxe3 36. Bxe3 Bd4 37. Qf3 Re8 38. Bf2 Be4 39. Qh5 Bxf2+ 40. Kxf2 Qd4+ 41.
Kf1 Bd3+ 0-1

[Event "27th Czech Open A 2016"]
[Site "Pardubice CZE"]
[Date "2016.07.25"]
[Round "4.50"]
[White "Lederman, Leon"]
[Black "Shevchenko, Kirill"]
[Result "1/2-1/2"]
[WhiteTitle "IM"]
[BlackTitle "FM"]
[WhiteElo "2269"]
[BlackElo "2443"]
[WhiteFideId "2800403"]
[BlackFideId "14129574"]
[EventDate "2016.07.22"]

1. e4 c5 2. Nf3 d6 3. d4 cxd4 4. Nxd4 Nf6 5. Nc3 a6 6. f4 e5 7. Nf3 Nbd7 8. a4
Be7 9. Bd3 O-O 10. O-O Nc5 11. Qe1 Re8 12. Kh1 exf4 13. Bxf4 Bg4 14. Nd4 Ne6 15.
Be3 Nxd4 16. Bxd4 Be6 17. h3 Nd7 18. Qg3 Bf8 19. Nd5 Bxd5 20. exd5 Ne5 21. c4 g6
22. Qf2 Qc7 23. Be2 Bg7 24. b4 f5 25. Rfd1 Nd7 26. Bxg7 Kxg7 27. a5 Nf6 28. Bd3
Rad8 29. Qd4 Re5 30. Rf1 Rde8 31. Ra2 Qe7 32. Raf2 h5 33. Rf3 Kh7 34. Rf4 Rf8
35. R4f3 Ne4 36. Bxe4 Rxe4 37. Qd3 Rc8 38. Rc1 Qe5 39. Rf2 Rd4 40. Qf1 Re8 41.
Rfc2 h4 42. Rd1 Rxd1 43. Qxd1 Qe4 44. Qd2 Re5 45. Kg1 g5 46. Rc1 Kg6 47. Qf2 Kf6
48. Qb6 Qe3+ 49. Qxe3 Rxe3 50. c5 dxc5 51. bxc5 Re7 52. c6 Rc7 53. Kf2 Ke5 54.
cxb7 Rxb7 55. Rc6 Rb2+ 56. Kf3 Rb3+ 57. Kf2 Kxd5 58. Rxa6 Ke4 59. Rb6 Ra3 60.
Rb4+ 1/2-1/2

[Event "27th Czech Open A 2016"]
[Site "Pardubice CZE"]
[Date "2016.07.25"]
[Round "4.51"]
[White "Nagy, Gabor1"]
[Black "Volodin, Viktor"]
[Result "1-0"]
[WhiteTitle "IM"]
[BlackTitle "IM"]
[WhiteElo "2439"]
[BlackElo "2190"]
[WhiteFideId "737119"]
[BlackFideId "4108701"]
[EventDate "2016.07.22"]

1. d4 d5 2. c4 e6 3. Nc3 Nf6 4. Nf3 c6 5. Bg5 h6 6. Bxf6 Qxf6 7. g3 Nd7 8. Bg2
Qd8 9. O-O Be7 10. Qb3 O-O 11. e4 dxc4 12. Qxc4 Bf6 13. Rfd1 Qe8 14. Qe2 e5 15.
d5 Nb6 16. Rac1 Bd7 17. Nd2 Bg5 18. Rc2 Bxd2 19. Rcxd2 Qc8 20. dxc6 bxc6 21. Rc1
Qb7 22. Qh5 Rfe8 23. Nd1 Be6 24. Ne3 Bxa2 25. Nf5 Re6 26. Qd1 Nc4 27. Rd8+ Rxd8
28. Qxd8+ Kh7 29. Qf8 f6 30. Bh3 Nd2 31. Nh4 Nf3+ 32. Nxf3 Re7 33. Nh4 Be6 34.
Bxe6 Rxe6 35. Rd1 1-0

[Event "27th Czech Open A 2016"]
[Site "Pardubice CZE"]
[Date "2016.07.25"]
[Round "4.52"]
[White "Hollan, Petr"]
[Black "Tomazini, Zan"]
[Result "1/2-1/2"]
[WhiteTitle "FM"]
[BlackTitle "IM"]
[WhiteElo "2263"]
[BlackElo "2432"]
[WhiteFideId "360945"]
[BlackFideId "14608162"]
[EventDate "2016.07.22"]

1. d4 Nf6 2. c4 g6 3. g3 c5 4. d5 b5 5. cxb5 a6 6. bxa6 Nxa6 7. Nc3 d6 8. Nf3
Bg7 9. Bg2 O-O 10. O-O Bf5 11. Nh4 Bd7 12. Bd2 Qb6 13. b3 Rfb8 14. h3 Nc7 15.
Qc2 Qb7 16. e4 Nb5 17. Nxb5 Bxb5 18. Rfd1 c4 19. Bc3 cxb3 20. axb3 Rxa1 21. Bxa1
Rc8 22. Qd2 Qa6 23. Bd4 Be2 24. Ra1 Qd3 25. Qxd3 Bxd3 26. Rd1 Be2 27. Re1 Rc2
28. Bf1 Bxf1 29. Kxf1 Rd2 30. Nf3 Rd3 31. Bxf6 Bxf6 32. Re3 Rd1+ 33. Re1 Rd3 34.
Re3 Rd1+ 35. Ke2 Rb1 36. Rd3 g5 37. Nd2 Rb2 38. f4 h5 39. Kf3 gxf4 40. gxf4 Bh4
41. e5 Be1 42. exd6 exd6 43. Ne4 Rh2 44. Nxd6 Rxh3+ 45. Ke2 Rxd3 46. Kxd3 h4 47.
Ke2 h3 48. Kf3 h2 49. Kg2 Bg3 50. Nf5 Bxf4 51. d6 Kf8 52. d7 Bc7 53. d8=Q+ 1/2-1/2

[Event "27th Czech Open A 2016"]
[Site "Pardubice CZE"]
[Date "2016.07.25"]
[Round "4.53"]
[White "Lagashin, Pavel"]
[Black "Zwardon, Vojtech"]
[Result "0-1"]
[BlackTitle "IM"]
[WhiteElo "2148"]
[BlackElo "2421"]
[WhiteFideId "24132144"]
[BlackFideId "325511"]
[EventDate "2016.07.22"]

1. d4 Nf6 2. c4 e5 3. dxe5 Ng4 4. Bf4 g5 5. Bg3 Nc6 6. Nf3 Bg7 7. h4 Ngxe5 8.
Nxe5 Nxe5 9. e3 g4 10. h5 h6 11. Bh4 Bf6 12. Bxf6 Qxf6 13. Nc3 d6 14. Nd5 Qd8
15. Qd4 Be6 16. O-O-O Rg8 17. c5 Rg5 18. cxd6 cxd6 19. Bb5+ Kf8 20. Nc3 Qa5 21.
f4 gxf3 22. gxf3 Rd8 23. Be2 Nc6 24. Qh8+ Ke7 25. Qxh6 Rc5 26. Kd2 Nb4 27. Rh4
Nxa2 28. Ra4 Qb6 29. Nxa2 Bxa2 30. Ke1 Be6 31. Rd2 Rg8 32. Rad4 Rg1+ 33. Kf2
Rcg5 34. Bf1 Qb5 35. R4d3 Qf5 36. Rxd6 Rxf1+ 37. Kxf1 Qxf3+ 38. Rf2 Bh3+ 39. Ke1
Rg1+ 40. Kd2 Qxf2+ 41. Kc3 Rc1+ 0-1

[Event "27th Czech Open A 2016"]
[Site "Pardubice CZE"]
[Date "2016.07.25"]
[Round "4.54"]
[White "Domogaev, Sergey"]
[Black "Lomakin, Viktor"]
[Result "1-0"]
[WhiteTitle "GM"]
[WhiteElo "2419"]
[BlackElo "2173"]
[WhiteFideId "24103608"]
[BlackFideId "14101920"]
[EventDate "2016.07.22"]

1. d4 Nf6 2. c4 e6 3. Nf3 c5 4. d5 exd5 5. cxd5 Bd6 6. Nc3 O-O 7. g3 a6 8. a4
Re8 9. Bg2 Qe7 10. O-O Bc7 11. Nd2 d6 12. h3 Nbd7 13. e4 Rb8 14. a5 Qd8 15. Qa4
Ne5 16. f4 Nd3 17. Nc4 Bd7 18. Qa2 Bb5 19. b3 Nb4 20. Qb1 Bxc4 21. bxc4 Nd7 22.
e5 dxe5 23. Ne4 Qe7 24. fxe5 Nxe5 25. Ng5 Ng6 26. Ra3 f6 27. Ne6 Ne5 28. Qe4 Bd6
29. g4 Nd7 30. g5 Qf7 31. Qh4 Be5 32. Be4 g6 33. gxf6 Bxf6 34. Bg5 Bxg5 35. Qxg5
Qe7 36. Qh6 Ne5 37. Re3 b6 38. Ng5 Qg7 39. Qh4 bxa5 40. Ne6 Qe7 41. Qf4 Nxc4 42.
Bxg6 hxg6 43. Rg3 Kh7 44. Rxg6 Kxg6 45. Qg4+ 1-0

[Event "27th Czech Open A 2016"]
[Site "Pardubice CZE"]
[Date "2016.07.25"]
[Round "4.55"]
[White "Yankelevich, Lev"]
[Black "Bronstein, Or"]
[Result "1-0"]
[WhiteElo "2415"]
[BlackElo "2134"]
[WhiteFideId "24684074"]
[BlackFideId "2815770"]
[EventDate "2016.07.22"]

1. d4 d5 2. c4 e6 3. Nc3 c6 4. e3 Bd6 5. Nf3 f5 6. Bd3 Nf6 7. O-O O-O 8. b3 Ne4
9. Ne2 Qe7 10. Bb2 b6 11. Ne5 Bb7 12. cxd5 cxd5 13. Nf4 Rc8 14. Rc1 Rxc1 15.
Qxc1 Nd7 16. f3 Rc8 17. Qa1 Ng5 18. Rc1 Nxe5 19. Rxc8+ Bxc8 20. dxe5 Bb8 21. Ne2
Qc7 22. Qe1 Bb7 23. Nd4 Qc8 24. Qg3 Nf7 25. f4 Nd8 26. Qh3 Qc7 27. Qh4 Bc8 28.
Ba3 Nb7 29. Bb5 Nc5 30. h3 a6 31. Be8 Kf8 32. Bc6 Kg8 33. Kh2 a5 34. Be8 Kf8 35.
Bb5 Kg8 36. g4 fxg4 37. hxg4 Ne4 38. Nc6 Bd7 39. Qe7 h6 40. Qf8+ Kh7 41. Bd6
Nxd6 42. exd6 Qxd6 43. Ne7 1-0

[Event "27th Czech Open A 2016"]
[Site "Pardubice CZE"]
[Date "2016.07.25"]
[Round "4.56"]
[White "Solozhenkina, Elizaveta"]
[Black "Moehn, Hans"]
[Result "1/2-1/2"]
[WhiteTitle "WFM"]
[BlackTitle "FM"]
[WhiteElo "2123"]
[BlackElo "2413"]
[WhiteFideId "34106615"]
[BlackFideId "24647837"]
[EventDate "2016.07.22"]

1. e4 c5 2. Nf3 a6 3. c3 e6 4. d4 d5 5. exd5 exd5 6. Be2 Bd6 7. dxc5 Bxc5 8.
Nbd2 Nf6 9. O-O h6 10. Nb3 Bd6 11. h3 O-O 12. Nbd4 Nc6 13. Be3 Re8 14. Bd3 Bc7
15. Qc2 Qd6 16. Rad1 Ne4 17. Rfe1 Qg6 18. Kh1 Qh5 19. Ng1 Bd7 20. Nde2 Qh4 21.
g3 Qh5 22. Kg2 Ng5 23. Bxg5 Qxg5 24. Qd2 Qf6 25. Bc2 Rad8 26. Qd3 g6 27. Qf3 Qg7
28. Kh2 Be6 29. Nd4 Ne5 30. Qg2 Bc8 31. Nge2 Nc4 32. b3 Nb6 33. a4 h5 34. Qf3
Nd7 35. Nf4 Rxe1 36. Rxe1 Nf6 37. Kg2 Qf8 38. b4 Kg7 39. a5 Qd6 40. Bb1 Ng8 41.
Ba2 Ne7 42. Qe3 Kf8 43. Qf3 Kg7 44. Qe3 Kf8 45. Qf3 1/2-1/2

[Event "27th Czech Open A 2016"]
[Site "Pardubice CZE"]
[Date "2016.07.25"]
[Round "4.57"]
[White "Chekletsov, Egor"]
[Black "Stella, Andrea"]
[Result "1/2-1/2"]
[BlackTitle "IM"]
[WhiteElo "2009"]
[BlackElo "2409"]
[WhiteFideId "24175315"]
[BlackFideId "827061"]
[EventDate "2016.07.22"]

1. d4 e6 2. c4 Bb4+ 3. Bd2 a5 4. a3 Bxd2+ 5. Qxd2 Nf6 6. Nc3 d6 7. g3 Qe7 8. Bg2
e5 9. Nf3 O-O 10. O-O c6 11. d5 cxd5 12. cxd5 a4 13. Qc2 Bd7 14. Nd2 Rc8 15. Qd3
Na6 16. b4 axb3 17. Nxb3 Nc5 18. Nxc5 Rxc5 19. Ne4 Nxe4 20. Bxe4 g6 21. Bf3 f5
22. Qd2 e4 23. Bg2 Qe5 24. Rfe1 Ba4 25. Rac1 Qxd5 26. Qb2 Rac8 27. Rxc5 dxc5 28.
f3 Bc6 29. fxe4 fxe4 30. e3 Rf8 31. Bf1 h5 32. Rc1 Qg5 33. Qb3+ Kh7 34. Be2 h4
35. Rf1 Rxf1+ 36. Kxf1 Qf6+ 37. Kg1 hxg3 38. hxg3 Kg7 39. Bb5 Qa1+ 40. Kg2 Bxb5
41. Qxb5 Qa2+ 42. Kf1 Qa1+ 43. Kg2 Qa2+ 44. Kg1 Qd5 45. Qb2+ Kf7 46. Qb6 Qd1+
47. Kg2 Qf3+ 1/2-1/2

[Event "27th Czech Open A 2016"]
[Site "Pardubice CZE"]
[Date "2016.07.25"]
[Round "4.58"]
[White "Prithu, Gupta"]
[Black "Roubalik, Jakub"]
[Result "1/2-1/2"]
[WhiteElo "1981"]
[BlackElo "2397"]
[WhiteFideId "46618546"]
[BlackFideId "322237"]
[EventDate "2016.07.22"]

1. e4 e6 2. d4 d5 3. Nc3 a6 4. Bd3 Nf6 5. Nf3 Be7 6. O-O O-O 7. e5 Nfd7 8. Ne2
c5 9. c3 Nc6 10. Ng3 f5 11. exf6 Nxf6 12. Re1 cxd4 13. cxd4 Qb6 14. a3 Bd7 15.
b4 Rae8 16. Bb2 Bd6 17. Qc2 Rc8 18. Qe2 Rce8 19. Qc2 Rc8 20. Qe2 Rce8 1/2-1/2

[Event "27th Czech Open A 2016"]
[Site "Pardubice CZE"]
[Date "2016.07.25"]
[Round "4.59"]
[White "Kantsler, Boris"]
[Black "Yakimenko, Alexander A."]
[Result "1-0"]
[WhiteTitle "GM"]
[WhiteElo "2395"]
[BlackElo "2171"]
[WhiteFideId "2805359"]
[BlackFideId "24141917"]
[EventDate "2016.07.22"]

1. d4 e6 2. c4 Nf6 3. Nc3 c5 4. d5 exd5 5. cxd5 d6 6. e4 a6 7. a4 g6 8. Bd3 Bg7
9. Nge2 O-O 10. O-O Re8 11. Ng3 Qc7 12. Kh1 Nbd7 13. Bg5 c4 14. Bc2 b6 15. f4
Nc5 16. e5 Ng4 17. Qf3 f5 18. h3 Nh6 19. e6 Bb7 20. Qe2 Nd7 21. Bxh6 Bxh6 22.
Nxf5 gxf5 23. Qh5 Bf8 24. Qf7+ Kh8 25. exd7 Re7 26. Qf6+ Rg7 27. Bxf5 Be7 28.
Qd4 Rf8 29. Rae1 Qd8 30. Be6 Bf6 31. Qxc4 Bh4 32. Re3 Rxd7 33. Bxd7 Qxd7 34. Re6
Qg7 35. Rxd6 Rg8 36. Qe2 Bf6 37. Rxf6 1-0

[Event "27th Czech Open A 2016"]
[Site "Pardubice CZE"]
[Date "2016.07.25"]
[Round "4.60"]
[White "Sarkozy, Ladislav"]
[Black "Petr, Martin"]
[Result "1-0"]
[BlackTitle "GM"]
[WhiteElo "2292"]
[BlackElo "2505"]
[WhiteFideId "14900300"]
[BlackFideId "318299"]
[EventDate "2016.07.22"]

1. d4 Nf6 2. c4 g6 3. Nc3 d5 4. cxd5 Nxd5 5. e4 Nxc3 6. bxc3 Bg7 7. Be3 c5 8.
Qd2 Qa5 9. Nf3 Nc6 10. Rb1 a6 11. Rc1 cxd4 12. cxd4 Qxd2+ 13. Kxd2 f5 14. e5 Be6
15. Bc4 Bxc4 16. Rxc4 O-O 17. g3 Rac8 18. Rhc1 e6 19. Ng5 Rfe8 20. Nh3 Rcd8 21.
Ke2 Bf8 22. Nf4 Kf7 23. h4 Rd7 24. Rb1 Bh6 25. Nd3 Bf8 26. Nf4 a5 27. Rb6 Nb4
28. a3 Nc6 29. a4 Bb4 30. f3 Ke7 31. Rb5 Na7 32. Rb6 Nc6 33. Rb5 Red8 34. Rb6
Rc8 35. Rb5 Re8 36. d5 Nxe5 37. Rcxb4 axb4 38. dxe6 Rd6 39. Bc5 Nc4 40. Rxb7+
Kf6 41. Bxd6 Nxd6 42. Rxb4 h6 43. Rb6 g5 44. hxg5+ hxg5 45. Rxd6 gxf4 46. gxf4
Ra8 47. Rd4 Kxe6 48. Kd3 Kf6 49. Kc3 Kg6 50. Kb4 Kh5 51. a5 Kh4 52. Kb5 Kg3 53.
a6 Kxf3 54. Kb6 Rb8+ 55. Kc7 Rb1 56. a7 Ra1 57. Kb7 Rb1+ 58. Ka6 Ra1+ 59. Kb6
Kg4 60. Rb4 1-0

[Event "27th Czech Open A 2016"]
[Site "Pardubice CZE"]
[Date "2016.07.25"]
[Round "4.61"]
[White "Haba, Petr"]
[Black "Gibicar, Danijel"]
[Result "1-0"]
[WhiteTitle "GM"]
[BlackTitle "FM"]
[WhiteElo "2484"]
[BlackElo "2291"]
[WhiteFideId "300160"]
[BlackFideId "24660256"]
[EventDate "2016.07.22"]

1. e4 e6 2. d4 d5 3. e5 c5 4. c3 Nc6 5. Nf3 Nh6 6. Bd3 cxd4 7. Bxh6 gxh6 8. cxd4
Bg7 9. O-O O-O 10. Nbd2 f6 11. Re1 Bd7 12. Nb3 b6 13. Rc1 f5 14. Qd2 a5 15. Rc3
Qe7 16. Nc1 Rfc8 17. Ne2 Nb4 18. Bb1 Rxc3 19. Nxc3 a4 20. Ne2 Nc6 21. Nf4 Qb4
22. Qe3 Qxb2 23. g4 fxg4 24. Qd3 gxf3 25. Qxh7+ Kf7 26. Bg6+ Kf8 27. Nh5 Ke7 28.
Qxg7+ Kd8 29. Nf6 Bc8 30. Qf8+ Kc7 31. Ne8+ Kb7 32. Qg7+ Ka6 33. Nc7+ Ka5 34.
Rb1 1-0

[Event "27th Czech Open A 2016"]
[Site "Pardubice CZE"]
[Date "2016.07.25"]
[Round "4.62"]
[White "Neelotpal, Das"]
[Black "Karas, Marek"]
[Result "1/2-1/2"]
[WhiteTitle "GM"]
[BlackTitle "FM"]
[WhiteElo "2467"]
[BlackElo "2278"]
[WhiteFideId "5003512"]
[BlackFideId "14928558"]
[EventDate "2016.07.22"]

1. Nf3 d5 2. g3 Nf6 3. Bg2 e6 4. O-O Be7 5. b3 O-O 6. Bb2 b6 7. c4 Bb7 8. e3 c5
9. Qe2 Nc6 10. Rd1 Qc7 11. Nc3 dxc4 12. bxc4 Rac8 13. Ne1 Rfd8 14. d3 Na5 15. f4
Bxg2 16. Nxg2 Ne8 17. g4 Bf6 18. Rf1 Qd7 19. Rad1 a6 20. g5 Bxc3 21. Bxc3 Nc6
22. Qh5 f6 23. Nh4 fxg5 24. fxg5 Nd6 25. Rf3 Rf8 26. Rdf1 Rxf3 27. Rxf3 Qe7 28.
Qg4 b5 29. Rf6 Re8 30. Rf1 bxc4 31. dxc4 Nf5 32. Nxf5 exf5 33. Qxf5 Qxe3+ 34.
Rf2 Nd4 35. Qf7+ Kh8 36. Bd2 Qe6 37. Qf8+ Rxf8 38. Rxf8+ Qg8 39. Rxg8+ Kxg8 40.
Kf2 Kf7 41. Be3 Ne6 42. Kf3 Ke7 43. Ke4 Kd6 44. Kf5 Nf8 45. h4 Ng6 46. Bf4+ Nxf4 1/2-1/2

[Event "27th Czech Open A 2016"]
[Site "Pardubice CZE"]
[Date "2016.07.25"]
[Round "4.63"]
[White "Gusain, Himal"]
[Black "Havelka, Josef"]
[Result "1-0"]
[BlackTitle "FM"]
[WhiteElo "2453"]
[BlackElo "2277"]
[WhiteFideId "5033861"]
[BlackFideId "361097"]
[EventDate "2016.07.22"]

1. e4 e6 2. d4 d5 3. Nc3 Be7 4. Bd3 Nc6 5. Nf3 Nb4 6. e5 Nxd3+ 7. cxd3 h5 8. h4
Bd7 9. Ne2 c6 10. Nf4 Qb6 11. Kf1 Nh6 12. Nxh5 Nf5 13. g4 O-O-O 14. Qb3 Rdg8 15.
Qxb6 axb6 16. Ke2 c5 17. Bg5 Kd8 18. Bxe7+ Kxe7 19. Nf4 Nxd4+ 20. Nxd4 cxd4 21.
g5 Rc8 22. Kd2 Rh7 23. h5 f6 24. Ng6+ Kf7 25. f4 Be8 26. f5 Rc6 27. exf6 gxf6
28. fxe6+ Rxe6 29. Nf4 fxg5 30. Nxe6 Kxe6 31. Rae1+ Kd7 32. h6 1-0